[Event "Saint Louis Blitz 2024"]
[Site "Saint Louis USA"]
[Date "2024.08.15"]
[Round "1.2"]
[White "Abdusattorov, Nodirbek"]
[Black "Praggnanandhaa, R"]
[Result "1-0"]
[WhiteTitle "GM"]
[BlackTitle "GM"]
[WhiteElo "2762"]
[BlackElo "2749"]
[WhiteFideId "14204118"]
[BlackFideId "25059530"]
[EventDate "2024.08.15"]

1. e4 e5 2. Nf3 Nc6 3. Nc3 Nf6 4. d4 exd4 5. Nxd4 Bb4 6. Nxc6 bxc6 7. Bd3 d5 8.
exd5 O-O 9. O-O cxd5 10. h3 c6 11. Qf3 Re8 12. Bg5 h6 13. Bh4 Bd6 14. Rfe1 Rxe1+
15. Rxe1 Be6 16. Ne2 c5 17. c3 Rb8 18. b3 Rb6 19. Bc2 Ra6 20. a4 Rb6 21. Qd3 g5
22. Bg3 Bxg3 23. Nxg3 Kf8 24. Qf3 d4 25. cxd4 cxd4 26. Rd1 Rd6 27. b4 Kg7 28. b5
Qc7 29. Bb3 Qd7 30. Bxe6 fxe6 31. Rd3 Rd5 32. Qd1 Qd6 33. a5 Qc5 34. Rb3 Rd7 35.
b6 axb6 36. axb6 Rb7 37. Qb1 h5 38. Rb5 Qc3 39. Rxg5+ Kf8 40. Qg6 Qe1+ 41. Kh2
Qxf2 42. Qh6+ Ke8 43. Qh8+ Kd7 44. Rg7+ Kc6 45. Qc8+ Kb5 46. Qxb7 h4 47. Qc7
hxg3+ 48. Rxg3 Nd5 49. Rb3+ Nb4 50. b7 1-0

[Event "Saint Louis Blitz 2024"]
[Site "Saint Louis USA"]
[Date "2024.08.15"]
[Round "1.3"]
[White "Nepomniachtchi, Ian"]
[Black "So, Wesley"]
[Result "1/2-1/2"]
[WhiteTitle "GM"]
[BlackTitle "GM"]
[WhiteElo "2767"]
[BlackElo "2751"]
[WhiteFideId "4168119"]
[BlackFideId "5202213"]
[EventDate "2024.08.15"]

1. c4 Nf6 2. Nc3 e5 3. Nf3 Nc6 4. g3 Nd4 5. Bg2 Nxf3+ 6. Bxf3 Bc5 7. Na4 Be7 8.
d4 Bb4+ 9. Kf1 e4 10. Bg2 d5 11. a3 Bd6 12. cxd5 h6 13. Nc3 Qe7 14. h3 O-O 15.
g4 Re8 16. g5 hxg5 17. Bxg5 Bf5 18. e3 c6 19. h4 Rac8 20. h5 Qd8 21. Rh4 Be7 22.
Bxf6 Bxf6 23. Rf4 Bh7 24. dxc6 Bg5 25. cxb7 Rxc3 26. bxc3 Bxf4 27. exf4 Qb8 28.
Qa4 Re7 29. Rb1 e3 30. Qxa7 Bd3+ 31. Kg1 exf2+ 32. Kxf2 Qxf4+ 33. Kg1 Kh7 34.
b8=Q Qe3+ 35. Kh1 Rxa7 36. Qxa7 Bxb1 37. Qxf7 Qxc3 38. Qf4 Qxa3 39. Be4+ Bxe4+
40. Qxe4+ Kg8 41. Kg2 Qb2+ 42. Kh3 Qc1 43. d5 Kf7 44. Qe6+ Kf8 45. Qf5+ Ke7 46.
Qe4+ Kf7 47. Kg4 Qg1+ 48. Kf5 g6+ 49. Kf4 Qh2+ 50. Ke3 Qg1+ 51. Ke2 gxh5 52.
Qe6+ Kf8 53. Kd3 Qg3+ 54. Kd2 Qf4+ 55. Kc3 Qg3+ 56. Kd4 Qg4+ 57. Qxg4 hxg4 58.
Ke4 g3 59. Kf3 Ke7 60. Kxg3 Kd6 61. Kh2 Kxd5 1/2-1/2

[Event "Saint Louis Blitz 2024"]
[Site "Saint Louis USA"]
[Date "2024.08.15"]
[Round "1.4"]
[White "Caruana, Fabiano"]
[Black "Aronian, Levon"]
[Result "1-0"]
[WhiteTitle "GM"]
[BlackTitle "GM"]
[WhiteElo "2793"]
[BlackElo "2729"]
[WhiteFideId "2020009"]
[BlackFideId "13300474"]
[EventDate "2024.08.15"]

1. c4 Nf6 2. Nc3 e5 3. Nf3 Nc6 4. g3 Bc5 5. d3 O-O 6. Bg2 Re8 7. Bg5 h6 8. Bxf6
Qxf6 9. O-O a5 10. Ne4 Qe7 11. Nxc5 Qxc5 12. Rc1 d6 13. Nd2 Qb6 14. b3 a4 15.
bxa4 Qa5 16. c5 dxc5 17. Bxc6 bxc6 18. Ne4 Qxa4 19. Rc2 c4 20. Rxc4 Qxd1 21.
Rxd1 Rxa2 22. Re1 f5 23. Nc3 Ra6 24. f3 Kf7 25. Kf2 Ke7 26. Rc1 Be6 27. Rc5 Kd6
28. Nd1 Rb8 29. Ne3 Rb2 30. f4 exf4 31. gxf4 g6 32. h4 h5 33. R5c3 Rb4 34. Kf3
Kd7 35. Nc2 Rba4 36. Ke3 Ra8 37. Nd4 Bd5 38. Nxc6 Bxc6 39. Rxc6 Re8+ 40. Kf3 Ra2
41. Rxc7+ Kd6 42. R1c6+ Kd5 43. e4+ fxe4+ 44. dxe4+ 1-0

[Event "Saint Louis Blitz 2024"]
[Site "Saint Louis USA"]
[Date "2024.08.15"]
[Round "1.5"]
[White "Firouzja, Alireza"]
[Black "Dominguez Perez, Leinier"]
[Result "1-0"]
[WhiteTitle "GM"]
[BlackTitle "GM"]
[WhiteElo "2751"]
[BlackElo "2748"]
[WhiteFideId "12573981"]
[BlackFideId "3503240"]
[EventDate "2024.08.15"]

1. c4 c5 2. g3 g6 3. Bg2 Bg7 4. Nc3 Nc6 5. d3 d6 6. Nf3 e6 7. Bd2 Nge7 8. a3 b6
9. Rb1 Bb7 10. O-O Qd7 11. b4 O-O 12. e3 Rfd8 13. Qe2 Ne5 14. Nxe5 Bxe5 15. Ne4
Bxe4 16. Bxe4 Rac8 17. Rfd1 Qa4 18. d4 Bg7 19. bxc5 dxc5 20. dxc5 bxc5 21. Be1
Qxa3 22. Rb7 Nf5 23. Rdd7 Rxd7 24. Rxd7 Qa1 25. g4 Nh4 26. f4 h6 27. Qd1 Qxd1
28. Rxd1 g5 29. Rd7 Rb8 30. fxg5 hxg5 31. Bg3 Rc8 32. Rxa7 Bf8 33. Kf1 Rd8 34.
Ke2 Bd6 35. Be1 Be5 36. h3 Rb8 37. Ra5 Rb2+ 38. Kd3 Rb3+ 39. Ke2 Rb2+ 40. Kd1
Bd6 41. Bc3 Rh2 42. Ra8+ Bf8 43. Be5 Rxh3 44. Bd6 Rxe3 45. Bc2 Kg7 46. Bxf8+ Kf6
47. Bxc5 Rh3 48. Bd4+ Ke7 49. Ra7+ Kd6 50. Be4 e5 51. Ra6+ Ke7 52. Bxe5 Re3 53.
Bf6+ Kd7 54. Bd5 1-0

[Event "Saint Louis Blitz 2024"]
[Site "Saint Louis USA"]
[Date "2024.08.15"]
[Round "2.1"]
[White "Praggnanandhaa, R"]
[Black "Nepomniachtchi, Ian"]
[Result "1-0"]
[WhiteTitle "GM"]
[BlackTitle "GM"]
[WhiteElo "2749"]
[BlackElo "2767"]
[WhiteFideId "25059530"]
[BlackFideId "4168119"]
[EventDate "2024.08.15"]

1. d4 Nf6 2. Bg5 d5 3. e3 c5 4. Bxf6 gxf6 5. dxc5 Nc6 6. Bb5 e6 7. b4 Bg7 8. Nd2
O-O 9. Rb1 a5 10. a3 axb4 11. axb4 f5 12. Ne2 e5 13. O-O Be6 14. Ng3 Kh8 15. Qh5
Qf6 16. Nf3 Ra2 17. Ng5 h6 18. Nxe6 fxe6 19. Bxc6 bxc6 20. Qd1 f4 21. exf4 Qxf4
22. Nh5 Qf5 23. b5 cxb5 24. Rxb5 Rxc2 25. Ng3 Qg6 26. Qb1 Kh7 27. Rb7 Rxc5 28.
Nh5 Qxb1 29. Rxg7+ Kh8 30. Rxb1 Rfc8 31. g4 Rc1+ 32. Rxc1 Rxc1+ 33. Kg2 Rc4 34.
h3 d4 35. Re7 Kg8 36. Rxe6 Rc5 37. Rxh6 Kf7 38. Ng3 Rd5 39. Ne4 Ke7 40. Rh7+ Ke6
41. Rh6+ Ke7 42. Ra6 Rb5 43. h4 Rb4 44. h5 d3 45. Kf3 Rb3 46. Ke3 1-0

[Event "Saint Louis Blitz 2024"]
[Site "Saint Louis USA"]
[Date "2024.08.15"]
[Round "2.2"]
[White "So, Wesley"]
[Black "Caruana, Fabiano"]
[Result "1-0"]
[WhiteTitle "GM"]
[BlackTitle "GM"]
[WhiteElo "2751"]
[BlackElo "2793"]
[WhiteFideId "5202213"]
[BlackFideId "2020009"]
[EventDate "2024.08.15"]

1. e4 e5 2. Nf3 Nc6 3. Bc4 Bc5 4. c3 Nf6 5. d3 d6 6. O-O h6 7. Re1 O-O 8. h3 Bb6
9. Nbd2 Ne7 10. a4 c6 11. d4 Ng6 12. Bd3 Re8 13. Bc2 exd4 14. cxd4 Ba5 15. Re3
Bb4 16. Nf1 c5 17. Ng3 cxd4 18. Nxd4 Bc5 19. Rc3 Bd7 20. Be3 Rc8 21. Bb3 b6 22.
Rac1 Nh4 23. Nb5 Bxb5 24. axb5 Qe7 25. Bxc5 dxc5 26. Re3 Qe5 27. Qc2 Rcd8 28.
Rce1 g5 29. Qc4 Qe6 30. Qa4 Qe7 31. e5 Nd5 32. e6 f5 33. Rd3 Nf4 34. Rd7 1-0

[Event "Saint Louis Blitz 2024"]
[Site "Saint Louis USA"]
[Date "2024.08.15"]
[Round "2.3"]
[White "Vachier-Lagrave, Maxime"]
[Black "Dominguez Perez, Leinier"]
[Result "1/2-1/2"]
[WhiteTitle "GM"]
[BlackTitle "GM"]
[WhiteElo "2721"]
[BlackElo "2748"]
[WhiteFideId "623539"]
[BlackFideId "3503240"]
[EventDate "2024.08.15"]

1. e4 e5 2. Nf3 Nc6 3. Bb5 Nf6 4. O-O Nxe4 5. d4 Nd6 6. Bxc6 dxc6 7. dxe5 Nf5 8.
Qxd8+ Kxd8 9. Nc3 Ke8 10. Ne4 h6 11. b3 Be6 12. Bb2 c5 13. h3 b6 14. g4 Ne7 15.
Nh2 h5 16. f4 hxg4 17. hxg4 Rd8 18. Rae1 Bd5 19. Rf2 Nc6 20. c4 Bxe4 21. Rxe4
Rd1+ 22. Kg2 Nb4 23. Bc3 Nd3 24. Rd2 Ne1+ 25. Kg3 Be7 26. Nf3 Rxd2 27. Bxd2 Nxf3
28. Kxf3 Rh3+ 29. Ke2 Rg3 30. f5 Rg2+ 31. Kd3 Rg3+ 32. Kc2 Rg2 33. f6 Bf8 34. g5
gxf6 35. exf6+ Kd7 36. Kd3 Bd6 37. a4 a5 38. Bc1 Rg3+ 39. Be3 Rg2 40. Bd2 Rg3+
41. Kc2 Rg2 42. Kd3 Rg3+ 43. Kc2 Rg2 1/2-1/2

[Event "Saint Louis Blitz 2024"]
[Site "Saint Louis USA"]
[Date "2024.08.15"]
[Round "2.5"]
[White "Aronian, Levon"]
[Black "Firouzja, Alireza"]
[Result "1-0"]
[WhiteTitle "GM"]
[BlackTitle "GM"]
[WhiteElo "2729"]
[BlackElo "2751"]
[WhiteFideId "13300474"]
[BlackFideId "12573981"]
[EventDate "2024.08.15"]

1. e4 c6 2. Nf3 d5 3. Nc3 dxe4 4. Nxe4 Nf6 5. Qe2 Bf5 6. Nxf6+ gxf6 7. d3 Nd7 8.
g3 e5 9. Bg2 Qc7 10. O-O h5 11. Rb1 O-O-O 12. b4 Nb6 13. Rb3 Bg4 14. c4 h4 15.
h3 Bh5 16. g4 Bg6 17. Be3 Kb8 18. a4 Nc8 19. a5 Qd7 20. Rd1 Bg7 21. b5 c5 22.
Bxc5 e4 23. Nd4 Qc7 24. Nc6+ bxc6 25. bxc6+ Ka8 26. Rdb1 Nd6 27. dxe4 Qxc6 28.
Bxd6 1-0

[Event "Saint Louis Blitz 2024"]
[Site "Saint Louis USA"]
[Date "2024.08.15"]
[Round "3.1"]
[White "Firouzja, Alireza"]
[Black "So, Wesley"]
[Result "1-0"]
[WhiteTitle "GM"]
[BlackTitle "GM"]
[WhiteElo "2751"]
[BlackElo "2751"]
[WhiteFideId "12573981"]
[BlackFideId "5202213"]
[EventDate "2024.08.15"]

1. e4 e5 2. Nf3 Nc6 3. Bc4 Bc5 4. d3 Nf6 5. Bg5 h6 6. Bh4 d6 7. c3 a5 8. O-O Ba7
9. Na3 g5 10. Bg3 Bg4 11. Bb5 O-O 12. h3 Bh5 13. Nc4 Ne7 14. Ba4 c6 15. Bc2 Bg6
16. Nxd6 Qxd6 17. Bxe5 Qe6 18. Bb3 Nfd5 19. exd5 Nxd5 20. Re1 Qf5 21. d4 Rfe8
22. Bxd5 cxd5 23. Qa4 Qc8 24. Bg3 f6 25. Qxa5 Be4 26. Qb5 Re6 27. Nd2 Rb6 28.
Qa5 Ra6 29. Qc7 Qxc7 30. Bxc7 Bf5 31. Re7 Re6 32. Rxe6 Bxe6 33. Re1 Kf7 34. Nb3
Rc8 35. Bg3 Bb6 36. a4 Ra8 37. a5 Bd8 38. Bd6 Bf5 39. Nc5 Bc8 40. b4 h5 41. Na4
Ra6 42. Bc5 Re6 43. Ra1 Bd7 44. Nb6 Bc6 45. b5 Bxb6 46. axb6 Bxb5 47. Ra8 Re8
48. Ra5 Bc6 49. Bd6 h4 50. Rc5 Re1+ 51. Kh2 Rb1 52. Rxc6 bxc6 53. Bb4 1-0

[Event "Saint Louis Blitz 2024"]
[Site "Saint Louis USA"]
[Date "2024.08.15"]
[Round "3.2"]
[White "Dominguez Perez, Leinier"]
[Black "Aronian, Levon"]
[Result "0-1"]
[WhiteTitle "GM"]
[BlackTitle "GM"]
[WhiteElo "2748"]
[BlackElo "2729"]
[WhiteFideId "3503240"]
[BlackFideId "13300474"]
[EventDate "2024.08.15"]

1. e4 e6 2. d4 d5 3. Nc3 Nf6 4. e5 Nfd7 5. f4 c5 6. Nf3 Nc6 7. Be3 Be7 8. Qd2 a6
9. Be2 b5 10. O-O O-O 11. Nd1 cxd4 12. Nxd4 Nxd4 13. Bxd4 Nb8 14. Ne3 Nc6 15. c3
b4 16. Bd3 Rb8 17. Qf2 bxc3 18. bxc3 Nxd4 19. cxd4 Rb4 20. Nc2 Ra4 21. f5 exf5
22. Bxf5 Bxf5 23. Qxf5 Qc8 24. Qd3 Bg5 25. Ne3 Bxe3+ 26. Qxe3 Qc4 27. Rf4 Rxa2
28. Rxa2 Qxa2 29. e6 Qb1+ 30. Kf2 Qc2+ 31. Kg1 Qb1+ 32. Kf2 Qc2+ 33. Kg1 Qc6 34.
e7 Re8 35. Rf1 Qe6 36. Qxe6 fxe6 37. Ra1 Kf7 38. Rxa6 Rxe7 39. Kf2 Rb7 40. Ra4
Rb3 41. Ra7+ Kf6 42. Ra4 g5 43. Ra7 h5 44. Ra4 h4 45. h3 Kf5 46. Ra8 Rd3 47.
Rf8+ Kg6 48. Re8 Kf6 49. Rf8+ Kg7 50. Re8 Kf7 51. Ra8 Rxd4 0-1

[Event "Saint Louis Blitz 2024"]
[Site "Saint Louis USA"]
[Date "2024.08.15"]
[Round "3.3"]
[White "Caruana, Fabiano"]
[Black "Praggnanandhaa, R"]
[Result "1-0"]
[WhiteTitle "GM"]
[BlackTitle "GM"]
[WhiteElo "2793"]
[BlackElo "2749"]
[WhiteFideId "2020009"]
[BlackFideId "25059530"]
[EventDate "2024.08.15"]

1. e4 e5 2. Nf3 Nc6 3. Bc4 Bc5 4. O-O Nf6 5. d3 d6 6. c3 a6 7. a4 Ba7 8. Nbd2
Nh5 9. b4 Qf6 10. Nb3 Nf4 11. Bxf4 Qxf4 12. Re1 O-O 13. Qd2 Qf6 14. b5 Ne7 15.
d4 h6 16. Bf1 Ng6 17. bxa6 bxa6 18. Na5 Bg4 19. Re3 exd4 20. Nxd4 Ne5 21. Rg3
Bd7 22. Kh1 Rfe8 23. h3 Bb6 24. Nc4 Nxc4 25. Bxc4 Re7 26. a5 Bc5 27. Re1 Rae8
28. Rge3 Qg5 29. Bd3 Bc8 30. Qa2 Qh4 31. Qe2 Bxd4 32. cxd4 Qg5 33. e5 dxe5 34.
dxe5 Qf4 35. Re4 Qg5 36. f4 Qg6 37. Re3 Bf5 38. Bxa6 Ra8 39. Bc4 Rxa5 40. g4
Qc6+ 41. Kh2 Rc5 42. Bb3 Be6 43. Bd1 Bc4 44. Qf2 Bb5 45. f5 Ba4 46. Bf3 Qb6 47.
f6 Rc2 48. Qxc2 Bxc2 49. fxe7 Qe6 50. Rc3 Qxe7 51. Rxc2 Qb4 52. Rce2 c5 53. Kg2
c4 54. e6 fxe6 55. Rxe6 c3 56. R1e2 Qc4 57. Rc6 Qd3 58. Rc8+ Kf7 59. Rf2 Ke7 60.
Rc7+ Kd6 61. Rc6+ Kd7 62. Rc5 Qe3 63. Rd5+ Kc7 64. Rc2 Kb6 65. Rd6+ Kb5 66. Rc6
h5 67. R6xc3 Qd4 68. Rb3+ Ka4 69. Rb7 1-0

[Event "Saint Louis Blitz 2024"]
[Site "Saint Louis USA"]
[Date "2024.08.15"]
[Round "3.5"]
[White "Abdusattorov, Nodirbek"]
[Black "Vachier-Lagrave, Maxime"]
[Result "0-1"]
[WhiteTitle "GM"]
[BlackTitle "GM"]
[WhiteElo "2762"]
[BlackElo "2721"]
[WhiteFideId "14204118"]
[BlackFideId "623539"]
[EventDate "2024.08.15"]

1. e4 c5 2. c3 d5 3. exd5 Qxd5 4. d4 Nc6 5. Nf3 Bf5 6. Be3 Nf6 7. Na3 cxd4 8.
Nb5 O-O-O 9. Nfxd4 Nxd4 10. cxd4 e5 11. Qc1+ Kd7 12. Qc7+ Ke8 13. Bc4 Bb4+ 14.
Ke2 Qd7 15. Qxd7+ Nxd7 16. a3 Be7 17. Rhd1 a6 18. Nc7+ Kf8 19. Nd5 Bd6 20. Rac1
h6 21. Bb3 g6 22. Nb6 Kg7 23. Nc4 Bb8 24. Na5 exd4 25. Bxd4+ Be5 26. Nxb7 Rb8
27. Rc7 Rhe8 28. Kf1 Bxd4 29. Rxd4 Ne5 30. f4 Nd3 31. Rxf7+ Kh8 32. g4 Re1+ 33.
Kg2 Be4+ 34. Kg3 Re3+ 35. Kh4 Nxf4 0-1

[Event "Saint Louis Blitz 2024"]
[Site "Saint Louis USA"]
[Date "2024.08.15"]
[Round "4.1"]
[White "Vachier-Lagrave, Maxime"]
[Black "Aronian, Levon"]
[Result "0-1"]
[WhiteTitle "GM"]
[BlackTitle "GM"]
[WhiteElo "2721"]
[BlackElo "2729"]
[WhiteFideId "623539"]
[BlackFideId "13300474"]
[EventDate "2024.08.15"]

1. e4 e6 2. d4 d5 3. Nd2 c5 4. Ngf3 cxd4 5. Nxd4 Nc6 6. Bb5 Bd7 7. Nxc6 bxc6 8.
Bd3 Qc7 9. Qe2 Ne7 10. Nf3 Ng6 11. e5 c5 12. O-O Be7 13. c3 Rb8 14. Re1 Qb7 15.
b3 Bb5 16. Bxb5+ Qxb5 17. c4 dxc4 18. bxc4 Qa6 19. g3 Rb4 20. Nd2 Qc6 21. a3 Rb6
22. Ra2 Bd8 23. Bb2 O-O 24. h4 h6 25. Bc3 Bc7 26. h5 Ne7 27. Ne4 Rfb8 28. Rd2
Rb3 29. Red1 Nf5 30. a4 Nd4 31. Bxd4 cxd4 32. Rxd4 Rb1 33. Rxb1 Rxb1+ 34. Kh2
Rb4 35. Nf6+ Kh8 36. Qe4 Qxe4 37. Nxe4 Bxe5 38. Rd8+ Kh7 39. Nc5 Rxc4 40. Nd7
Bd6 41. a5 Ra4 42. Kg2 Rxa5 43. Rc8 Rxh5 44. Rc6 Rd5 45. Ra6 Be7 46. Rxa7 Kg6
47. Nb6 Bc5 48. Nxd5 Bxa7 49. Ne7+ Kf6 50. Nc6 Bc5 51. f4 g5 52. Kf3 gxf4 53.
gxf4 h5 54. Ne5 Bd6 55. Nc4 Bc7 56. Ne3 Bb6 57. Nf1 Kg6 58. Ng3 f5 59. Ne2 h4
60. Kg2 Kh5 61. Kh3 Be3 0-1

[Event "Saint Louis Blitz 2024"]
[Site "Saint Louis USA"]
[Date "2024.08.15"]
[Round "4.2"]
[White "Abdusattorov, Nodirbek"]
[Black "Nepomniachtchi, Ian"]
[Result "0-1"]
[WhiteTitle "GM"]
[BlackTitle "GM"]
[WhiteElo "2762"]
[BlackElo "2767"]
[WhiteFideId "14204118"]
[BlackFideId "4168119"]
[EventDate "2024.08.15"]

1. e4 c5 2. c3 d5 3. exd5 Qxd5 4. d4 Nf6 5. Nf3 e6 6. Be2 Nc6 7. O-O Be7 8. Na3
cxd4 9. Nb5 Qd8 10. Nbxd4 Nxd4 11. Nxd4 O-O 12. Bf4 a6 13. Bf3 Nd5 14. Bg3 Bf6
15. Re1 Bd7 16. Bxd5 exd5 17. Be5 Re8 18. Qh5 Bxe5 19. Rxe5 Qb6 20. Re2 g6 21.
Qf3 Re4 22. h3 Rae8 23. Rd2 h5 24. Rf1 h4 25. b3 Bb5 26. Nxb5 Qxb5 27. Qf6 Qxf1+ 0-1

[Event "Saint Louis Blitz 2024"]
[Site "Saint Louis USA"]
[Date "2024.08.15"]
[Round "4.3"]
[White "So, Wesley"]
[Black "Dominguez Perez, Leinier"]
[Result "1-0"]
[WhiteTitle "GM"]
[BlackTitle "GM"]
[WhiteElo "2751"]
[BlackElo "2748"]
[WhiteFideId "5202213"]
[BlackFideId "3503240"]
[EventDate "2024.08.15"]

1. c4 c6 2. d4 d5 3. Nf3 Nf6 4. Nc3 a6 5. cxd5 cxd5 6. Bf4 Nc6 7. Rc1 Bf5 8. e3
e6 9. Be2 Be7 10. O-O O-O 11. Na4 Rc8 12. a3 Ne4 13. h3 Bd6 14. Bxd6 Nxd6 15.
Nc5 Qe7 16. Qa4 Nb8 17. Rc3 Rc7 18. Rfc1 Rfc8 19. Nd2 h6 20. Qb4 Nc6 21. Qb6 Nd8
22. Ndb3 Rc6 23. Qb4 R6c7 24. Qb6 Rc6 25. Qb4 R6c7 26. Na5 Nc6 27. Nxc6 Rxc6 28.
Nxb7 Rxc3 29. Rxc3 Rxc3 30. bxc3 Qxb7 31. Qxd6 Qb1+ 32. Kh2 Qe1 33. Qxa6 Qxf2
34. Bd3 Bxd3 35. Qxd3 Qa2 36. Qa6 Qd2 37. Qc8+ Kh7 38. a4 Qxe3 39. Qc7 f6 40.
Qg3 Qe2 41. a5 Qa2 42. Qd3+ Kh8 43. Qb5 Qd2 44. Qb8+ Kh7 45. a6 e5 46. Qb1+ e4
47. a7 Qf4+ 48. Kh1 1-0

[Event "Saint Louis Blitz 2024"]
[Site "Saint Louis USA"]
[Date "2024.08.15"]
[Round "4.4"]
[White "Praggnanandhaa, R"]
[Black "Firouzja, Alireza"]
[Result "1/2-1/2"]
[WhiteTitle "GM"]
[BlackTitle "GM"]
[WhiteElo "2749"]
[BlackElo "2751"]
[WhiteFideId "25059530"]
[BlackFideId "12573981"]
[EventDate "2024.08.15"]

1. d4 Nf6 2. Bg5 d5 3. e3 c6 4. Nd2 Bf5 5. Bxf6 exf6 6. Ngf3 Bd6 7. c4 dxc4 8.
Bxc4 O-O 9. O-O Nd7 10. Qb3 Nb6 11. Bd3 Be6 12. Qc2 g6 13. Ne4 Bc7 14. b4 Nd5
15. a3 Bg4 16. Be2 Re8 17. Rfe1 Rc8 18. h3 Bf5 19. Bd3 b6 20. Rac1 Bb8 21. Nc3
Be6 22. Ba6 Rc7 23. Nxd5 cxd5 24. Qb3 Ree7 25. Bd3 Kg7 26. Qb2 h5 27. Rxc7 Rxc7
28. Rc1 Qd6 29. Rxc7 Bxc7 30. Qc2 a5 31. bxa5 bxa5 32. Qc5 Qd8 33. a4 Bd6 34.
Qc6 Bb4 35. Bb5 Bf5 36. Kf1 Be4 37. Ke2 g5 38. Bd3 Qe7 39. Qc2 Bxd3+ 40. Qxd3
Qc7 41. Kd1 Qd7 42. Qc2 g4 43. Ng1 Qd6 44. g3 Qa6 45. Qe2 Qc6 46. Qc2 Qa6 47.
Qe2 Qc6 48. Qc2 Qa6 49. Qe2 Qc6 1/2-1/2

[Event "Saint Louis Blitz 2024"]
[Site "Saint Louis USA"]
[Date "2024.08.15"]
[Round "5.1"]
[White "Caruana, Fabiano"]
[Black "Abdusattorov, Nodirbek"]
[Result "1-0"]
[WhiteTitle "GM"]
[BlackTitle "GM"]
[WhiteElo "2793"]
[BlackElo "2762"]
[WhiteFideId "2020009"]
[BlackFideId "14204118"]
[EventDate "2024.08.15"]

1. d4 e6 2. Nf3 Nf6 3. c4 b6 4. g3 Ba6 5. b3 Bb4+ 6. Bd2 Be7 7. Nc3 d5 8. cxd5
exd5 9. Bg2 O-O 10. O-O Nbd7 11. Rc1 Bb7 12. Bf4 Nh5 13. Be5 a6 14. e3 Nhf6 15.
Nh4 Re8 16. Bxc7 Qxc7 17. Nxd5 Qb8 18. Nc7 Bxg2 19. Kxg2 Rc8 20. Nxa8 Rxc1 21.
Qxc1 Qxa8+ 22. Kg1 g6 23. Qc7 Ba3 24. Ng2 Kg7 25. f3 Nf8 26. Nf4 Qe8 27. e4 Ne6
28. Nxe6+ Qxe6 29. Rd1 Qe8 30. Kg2 Qb5 31. Qc4 Qa5 32. Qe2 Be7 33. Rc1 b5 34.
Rc6 Qb4 35. d5 Nd7 36. e5 Qd4 37. e6 Nf6 38. exf7 Nxd5 39. Rxa6 Ne3+ 40. Kh3
Qd7+ 41. g4 Qd4 42. Re6 Bc5 43. b4 Ba7 44. Re4 Qb6 45. Rf4 Kf8 46. Qb2 g5 47.
Qh8+ 1-0

[Event "Saint Louis Blitz 2024"]
[Site "Saint Louis USA"]
[Date "2024.08.15"]
[Round "5.2"]
[White "Dominguez Perez, Leinier"]
[Black "Praggnanandhaa, R"]
[Result "1-0"]
[WhiteTitle "GM"]
[BlackTitle "GM"]
[WhiteElo "2748"]
[BlackElo "2749"]
[WhiteFideId "3503240"]
[BlackFideId "25059530"]
[EventDate "2024.08.15"]

1. e4 e5 2. Nf3 Nc6 3. Bc4 Bc5 4. c3 Nf6 5. d3 a6 6. O-O d6 7. a4 Ba7 8. Re1 O-O
9. h3 Nh5 10. Bg5 Nf6 11. Nbd2 h6 12. Be3 Bxe3 13. Rxe3 a5 14. Bb5 Ne7 15. d4
Ng6 16. Qc2 Nh7 17. Bf1 Ng5 18. Rd1 Qf6 19. Nc4 Be6 20. dxe5 dxe5 21. b4 b6 22.
bxa5 bxa5 23. Rb1 Bd7 24. Ncd2 Ne6 25. Bb5 Bxb5 26. Rxb5 c6 27. Rb6 Nc5 28. g3
Qe6 29. Kg2 Rab8 30. Rxb8 Rxb8 31. Ne1 Nf8 32. Nd3 Nfd7 33. Nxc5 Nxc5 34. Re1 g6
35. h4 h5 36. Nf3 Kg7 37. Rd1 Rb3 38. Ra1 f6 39. Nd2 Rb7 40. Rd1 Rd7 41. Rb1 Nd3
42. Nf1 Qc4 43. Nd2 Qe6 44. Nf1 Qc4 45. Nd2 Qc5 46. Nf1 f5 47. exf5 gxf5 48. Kg1
f4 49. Qe2 Qxc3 1-0

[Event "Saint Louis Blitz 2024"]
[Site "Saint Louis USA"]
[Date "2024.08.15"]
[Round "5.4"]
[White "Aronian, Levon"]
[Black "So, Wesley"]
[Result "0-1"]
[WhiteTitle "GM"]
[BlackTitle "GM"]
[WhiteElo "2729"]
[BlackElo "2751"]
[WhiteFideId "13300474"]
[BlackFideId "5202213"]
[EventDate "2024.08.15"]

1. e4 e5 2. d3 Nc6 3. Nc3 Bc5 4. g3 a5 5. Bg2 d6 6. Nge2 Nge7 7. O-O O-O 8. Kh1
f5 9. f4 fxe4 10. Nxe4 Bb6 11. fxe5 Rxf1+ 12. Qxf1 dxe5 13. Bd2 Be6 14. Ng5 Bd5
15. Nc3 Bxg2+ 16. Qxg2 h6 17. Nge4 Nd4 18. Rc1 Qc8 19. Ne2 Qe6 20. c4 Nxe2 21.
Qxe2 Bd4 22. Bc3 Bxc3 23. bxc3 Rd8 24. Rf1 Qd7 25. Rf3 b6 26. Kg2 Nf5 27. Nf2
Re8 28. Qe4 Nd6 29. Qd5+ Qe6 30. Qc6 Qe7 31. Qd5+ Qe6 32. Qc6 Re7 33. Ne4 Nxe4
34. Qxe4 Qd6 35. h4 Re8 36. d4 Qe6 37. d5 Qd6 38. g4 Rf8 39. Rxf8+ Kxf8 40. g5
hxg5 41. Qf5+ Kg8 42. hxg5 g6 43. Qc8+ Kg7 44. Qe8 a4 45. Kf3 Qc5 46. Qxe5+ Kg8
47. Qe6+ Kh7 48. Qf7+ Kh8 49. Qf6+ Kh7 50. Qd4 Qf8+ 51. Qf4 Qc5 52. Qf7+ Kh8 53.
Qe8+ Kg7 54. Qd7+ Kg8 55. Qe6+ Kg7 56. Qe4 Qf8+ 57. Ke3 Qd6 58. Kd4 Qc5+ 59. Kd3
Qd6 60. Qd4+ Kf7 61. Qf2+ Kg7 62. Qe3 Kf7 63. Qh3 Qf4 64. Qe6+ Kg7 65. Qe7+ Kg8
66. c5 b5 67. Qe6+ Kg7 68. Qd7+ Kg8 69. Qxb5 Qf1+ 0-1

[Event "Saint Louis Blitz 2024"]
[Site "Saint Louis USA"]
[Date "2024.08.15"]
[Round "5.5"]
[White "Nepomniachtchi, Ian"]
[Black "Vachier-Lagrave, Maxime"]
[Result "1-0"]
[WhiteTitle "GM"]
[BlackTitle "GM"]
[WhiteElo "2767"]
[BlackElo "2721"]
[WhiteFideId "4168119"]
[BlackFideId "623539"]
[EventDate "2024.08.15"]

1. c4 e5 2. Nc3 Nf6 3. Nf3 e4 4. Ng5 c6 5. Qa4 b5 6. cxb5 d5 7. e3 Bd7 8. d4 Bd6
9. Bd2 O-O 10. Qb3 h6 11. Nh3 g5 12. f3 Bxh3 13. gxh3 exf3 14. Bd3 Qd7 15. O-O-O
Qxh3 16. Kb1 Rd8 17. Rdf1 cxb5 18. Nxd5 Nbd7 19. Nxf6+ Nxf6 20. e4 Qg4 21. e5
Ne4 22. Be3 Bxe5 23. dxe5 f2 24. Ka1 Rxd3 25. Qxd3 Qf3 26. Qd4 Rc8 27. e6 fxe6
28. Qd7 Rc2 29. Qxe6+ Kh7 30. Rd1 Rc7 31. Rhf1 Qxe3 32. Qf5+ 1-0